Statistics for College Football Matchups: Michigan State

Click here to take the quiz!

General Stats

  • This quiz has been taken 69 times
  • The average score is 13 of 16

Answer Stats

# of GamesOpponentLast Meeting% Correct
114Michigan10/30/2021
100%
50Ohio State11/20/2021
100%
68Indiana10/16/2021
95%
36Penn State11/27/2021
95%
13Rutgers10/09/2021
93%
48Iowa11/07/2020
89%
12Maryland11/13/2021
89%
47Minnesota10/14/2017
89%
68Purdue11/06/2021
89%
54Wisconsin10/12/2019
89%
12Nebraska09/25/2021
87%
60Northwestern09/03/2021
87%
47Illinois11/09/2019
84%
79Notre Dame09/23/2017
76%
16Western Michigan09/07/2019
69%
13Syracuse10/15/1990
18%

Score Distribution

Percentile by Number Answered

Percent of People with Each Score

Your Score History

You have not taken this quiz